[Event "AUTO-INT-956"]
[Site "http://www.queenalice.com/game.php?id=429093"]
[Date "2008.7.7"]
[Round "1"]
[White "miluetz"]
[Black "mg23campos"]
[Result "0-1"]
[WhiteElo "1491"]
[BlackElo "1729"]

1. e4 e5 2. Nf3 Nc6 3. Bc4 h6 4. b3 Bc5 5. O-O h5 6. h3 Nh6 7. d3 d6 8. Bxh6
gxh6 9. Nh4 Qxh4 10. Qe2 Rg8 11. Qf3 Qe7 12. Qxh5 Rg6 13. Qf3 Nd4 14. Qe3 Ne2+
15. Qxe2 Bxh3 0-1

[Event "AUTO-INT-956"]
[Site "http://www.queenalice.com/game.php?id=429094"]
[Date "2008.7.7"]
[Round "1"]
[White "mg23campos"]
[Black "miluetz"]
[Result "1-0"]
[WhiteElo "1722"]
[BlackElo "1498"]

1. e4 e5 2. Nf3 Nc6 3. Bc4 h6 4. c3 Nf6 5. d3 Bc5 6. b4 Bb6 7. a4 Ng4 8. d4 d6
9. a5 Bxd4 10. cxd4 Qf6 11. Be3 Nxe3 12. fxe3 Nxb4 13. Nc3 Bg4 14. Nd5 Nxd5 15.
Bxd5 1-0

[Event "AUTO-INT-956"]
[Site "http://www.queenalice.com/game.php?id=429095"]
[Date "2008.7.7"]
[Round "1"]
[White "miluetz"]
[Black "ozimandias"]
[Result "1-0"]
[WhiteElo "1522"]
[BlackElo "1346"]

1. e4 c5 2. c4 Nc6 3. Nf3 Nf6 4. Nc3 e6 5. d4 cxd4 6. Nxd4 Bb4 7. Nxc6 Qb6 8. e5
Ne4 9. Bd2 dxc6 10. Nxe4 Qd4 11. Bxb4 Qxe4+ 12. Qe2 Qf5 13. Qd3 Qxe5+ 14. Be2
Qxb2 15. Rb1 Qxa2 16. Rd1 Qa4 17. Qd8# 1-0

[Event "AUTO-INT-956"]
[Site "http://www.queenalice.com/game.php?id=429096"]
[Date "2008.7.7"]
[Round "1"]
[White "ozimandias"]
[Black "miluetz"]
[Result "1-0"]
[WhiteElo "1346"]
[BlackElo "1505"]

1. e4 e5 2. Nf3 Nc6 3. Bb5 d6 4. d4 Bd7 5. Nc3 Nf6 6. Bxc6 Bxc6 7. dxe5 dxe5 8.
O-O Bc5 9. Nxe5 Qxd1 10. Rxd1 O-O 11. Bg5 Be7 12. Nxc6 bxc6 13. e5 Nd5 14. Nxd5
cxd5 15. Rxd5 Bxg5 16. Rad1 h6 17. g3 Rad8 18. f4 Rxd5 19. Rxd5 Be7 20. Rd7 Bc5+
21. Kg2 Kh7 22. Rxc7 Bb6 23. Rb7 Rc8 24. Rxf7 Kg6 25. e6 Re8 26. f5+ Kh7 27. b4
a5 28. a3 axb4 29. axb4 Bd4 30. h4 h5 31. Kh3 Bc3 32. g4 hxg4+ 33. Kxg4 Bxb4 34.
Kg5 Re7 35. h5 Rxf7 36. exf7 Be7+ 37. Kf4 1-0

[Event "Let's Play Chess!"]
[Site "http://www.queenalice.com/game.php?id=429192"]
[Date "2008.7.8"]
[Round "-"]
[White "miluetz"]
[Black "Tobe10"]
[Result "0-1"]
[WhiteElo "1503"]
[BlackElo "1287"]

1. e4 d6 2. d4 a6 3. Nf3 b5 4. Nc3 h6 5. Bd3 g5 6. O-O b4 7. Ne2 Nf6 8. c3 bxc3
9. bxc3 Ng4 10. d5 c5 11. c4 e5 12. h3 Nf6 13. g4 a5 14. a4 Na6 15. Qd2 Nb4 16.
Bb2 Nxd3 17. Qxd3 h5 18. Nxg5 hxg4 19. hxg4 Nxg4 20. Kg2 Rh2+ 0-1

[Event "Let's Play Chess!"]
[Site "http://www.queenalice.com/game.php?id=429194"]
[Date "2008.7.8"]
[Round "-"]
[White "DrIgO"]
[Black "miluetz"]
[Result "1-0"]
[WhiteElo "1341"]
[BlackElo "1485"]

1. d4 d5 2. b3 Nf6 3. Ba3 Na6 4. Nc3 c5 5. dxc5 d4 6. Nb5 e6 7. Nd6+ Ke7 8. Qxd4
Qa5+ 9. Bb4 Nxb4 10. Qc3 Nxc2+ 11. Kd2 Qxc3+ 12. Kxc3 Nxa1 13. Nf3 b6 14. Nxc8+
Rxc8 15. b4 1-0

[Event "AUTO-INT-1017"]
[Site "http://www.queenalice.com/game.php?id=454985"]
[Date "2008.8.28"]
[Round "1"]
[White "dreddvedder"]
[Black "miluetz"]
[Result "1-0"]
[WhiteElo "1901"]
[BlackElo "1507"]

1. d4 d5 2. c4 e6 3. Nf3 c6 4. e3 Nf6 5. Nc3 Bb4 6. Bd3 Bxc3+ 7. bxc3 b6 8. O-O
O-O 9. Re1 Ba6 10. cxd5 Bxd3 11. Qxd3 h6 12. dxe6 fxe6 13. Ne5 c5 14. Qc4 Qe7
15. Ba3 Nbd7 16. Nxd7 Nxd7 17. e4 Nf6 18. f3 Rac8 19. d5 Rfe8 20. dxe6 Qxe6 21.
Qxe6+ Rxe6 22. Rad1 Ree8 23. Rd6 Kf7 24. Red1 Ke7 25. c4 Rcd8 26. Rxd8 Rxd8 27.
Rxd8 Kxd8 28. Bb2 Nd7 29. Bxg7 1-0

[Event "AUTO-INT-1017"]
[Site "http://www.queenalice.com/game.php?id=454986"]
[Date "2008.8.28"]
[Round "1"]
[White "miluetz"]
[Black "dreddvedder"]
[Result "0-1"]
[WhiteElo "1505"]
[BlackElo "1860"]

1. e4 c5 2. Nf3 d6 3. d4 cxd4 4. Nxd4 Nf6 5. Nc3 a6 6. Bc4 Qc7 7. Bb3 e6 8. O-O
Be7 9. Bg5 O-O 10. Qe2 Nbd7 11. Bf4 e5 12. Nd5 Nxd5 13. Bxd5 exd4 14. b4 Bf6 0-1

[Event "AUTO-INT-1017"]
[Site "http://www.queenalice.com/game.php?id=455001"]
[Date "2008.8.28"]
[Round "1"]
[White "carpovjunior"]
[Black "miluetz"]
[Result "0-1"]
[WhiteElo "1469"]
[BlackElo "1494"]

1. Nc3 e5 2. Nf3 Nc6 3. d4 exd4 4. Nxd4 Nxd4 5. Qxd4 d6 6. e4 Nf6 7. Bg5 Be7 8.
Bc4 O-O 9. O-O-O Bg4 10. f3 Bh5 11. g4 Bg6 12. h4 h6 13. Be3 c5 14. Qd2 Qb6 0-1

[Event "AUTO-INT-1017"]
[Site "http://www.queenalice.com/game.php?id=455002"]
[Date "2008.8.28"]
[Round "1"]
[White "miluetz"]
[Black "carpovjunior"]
[Result "1-0"]
[WhiteElo "1478"]
[BlackElo "1485"]

1. e4 c5 2. Nf3 d6 3. Bc4 Nf6 4. Nc3 Nc6 5. d3 e6 6. Bg5 Be7 7. h3 O-O 8. O-O h6
9. Bxf6 Bxf6 10. Qe2 Bxc3 11. bxc3 d5 12. Bb5 Ne7 13. d4 a6 14. Ba4 1-0

[Event "AUTO-INT-1017"]
[Site "http://www.queenalice.com/game.php?id=455013"]
[Date "2008.8.28"]
[Round "1"]
[White "miluetz"]
[Black "jmgk"]
[Result "0-1"]
[WhiteElo "1509"]
[BlackElo "1864"]

1. e4 c5 2. Nf3 Nc6 3. Nc3 g6 4. Bb5 a6 5. Bxc6 dxc6 6. d3 Bg7 7. Qd2 Nf6 8. O-O
O-O 9. b3 Bg4 10. Qe3 b6 11. h3 Bxf3 12. Qxf3 Nd5 13. exd5 Bxc3 14. Rb1 Qxd5 15.
Qxd5 cxd5 16. Bb2 Bxb2 17. Rxb2 Rfe8 18. Re1 e6 19. c4 Rad8 20. b4 dxc4 21. dxc4
Rd4 22. b5 axb5 23. cxb5 c4 24. Rc2 Rc8 25. Ra1 Kg7 26. a4 Ra8 27. g3 h5 28. f3
h4 29. g4 g5 30. Kf2 Kf6 31. Ke3 Ke5 32. a5 Rxa5 33. Rxa5 bxa5 34. b6 Rd3+ 35.
Ke2 Rb3 36. Rxc4 Rxb6 37. Rc5+ Kf4 38. Kf2 Rb2+ 0-1

[Event "AUTO-INT-1017"]
[Site "http://www.queenalice.com/game.php?id=455014"]
[Date "2008.8.28"]
[Round "1"]
[White "jmgk"]
[Black "miluetz"]
[Result "1-0"]
[WhiteElo "1821"]
[BlackElo "1508"]

1. e4 e5 2. Nf3 Nc6 3. Bb5 Bc5 4. c3 Nge7 5. O-O O-O 6. d4 exd4 7. cxd4 Bd6 8.
Nc3 a5 9. a3 h6 10. e5 Bxe5 11. dxe5 d6 12. exd6 cxd6 13. Re1 Qc7 14. Bf4 Bg4
15. Bxd6 Qb6 16. Bxe7 Rfe8 17. Qd6 Bxf3 18. gxf3 1-0

[Event "Let's Play Chess!"]
[Site "http://www.queenalice.com/game.php?id=457888"]
[Date "2008.9.3"]
[Round "-"]
[White "MARAGATO"]
[Black "miluetz"]
[Result "1-0"]
[WhiteElo "1111"]
[BlackElo "1478"]

1. d4 d5 2. c4 e6 3. Qa4+ Bd7 4. Qc2 c5 5. Bd2 Nf6 6. Nf3 Bc6 7. e4 Nxe4 8. Bd3
Nxd2 9. Nfxd2 cxd4 10. cxd5 Bxd5 11. Bb5+ Nc6 12. O-O Qb6 13. Na3 a6 14. Bxc6+
Qxc6 15. Qxc6+ bxc6 16. b4 a5 17. Nc2 d3 18. Nd4 Bxb4 19. Nb1 Bc3 20. Nxc3 1-0